000 00443 a2200145 4500
005 20250613074116.0
020 _a0 340 849665
082 _aLECT 658.54 NAU
100 _aNAUGHTON, S.
245 _aOperations Management in a Week.
260 _aLondon,
_bHodder & Stoughton,
_c2007.
300 _a95p.: ill.; chart, picture, table
_c20cm.
856 _yAccess Online Book
_fOperations Management in a Week
_dwww.inaweek.co.uk
942 _2ddc
_cBKS
999 _c3940
_d3940